Регионална библиотека "Любен Каравелов" - Русе

Майор Атанас Узунов (Запис номер 164285)

MARC детайли
000 -Лидер
Контролно поле с фиксирана дължина 02207nam a2200505 a 4500
003 - Код на организацията, давaща контролен номер
Контролно поле BLK
005 - Дата и час на последна редакция
Контролно поле 20250215105449.0
008 - Елементи от данни с фиксирана дължина
fixed length control field 180410b bul|||||r ||||||| ||bul||
010 ## - Наследен системен номер
LC control number KNG00171795000
040 ## - Източник на каталожния запис
Идентификатор на билиотеката - собственик на записа BLK
041 ## - Код за език
Код за езика на текст/звукозапис или на отделно заглавие Български
Код за езика КДБФ Български
072 #7 - Код за тематичната категория
Код организация bullib
Код за тематична категория К
Текст Краезнание
080 ## - УДК
Текстов определител УДК Военно дело в цялост
УДК код - определител по УДК 355
УДК определител (092)
УДК - код + определител 355(092)
080 ## - УДК
Текстов определител УДК Български революционер и офицер
УДК код - определител по УДК 929 Узунов, Атанас Маринов
УДК - код + определител 929 Узунов, Атанас Маринов
100 1# - Редна дума - Автор
Автор Генов, Цонко Алипиев
Авторска отговорност първи автор
R(LIN) 328221
139 ## - Редно поле
Редна дума Генов, Цонко Алипиев
Авторски знак Узунов - У 33
245 10 - Сведения за заглавието
Заглавие Майор Атанас Узунов
Подзаглавни данни [Биогр. очерк]
Редно поле (дума) Цонко Алипиев Генов.
257 ## - Страна на издаване
Страна на създаване/издаване България
260 ## - Област на издателските данни
Място на издаване, разпространение и проч. София
Име на издателя, разпространителя и проч. Държ. воен. изд.
Година на издаване 1965
300 ## - Физическа характеристика
Страници 128 с.
Размери/Мащаб 20 см
380 ## - Жанр
Жанр Обществени науки
490 ## - СЕРИИ (Колекции)
Име на серия Библиотека Бележити пълководци и военни дейци
9 (RLIN) 206346
500 ## - Общи забележки
Забележка 5 100 тир.
600 14 - Име на лице, използвано като предмет
За него / За нея Узунов, Атанас Маринов
9 (RLIN) 382050
650 #4 - Допълнително описание по предмет – тема
Основно описание – тема или топоним България - военна история
9 (RLIN) 241785
650 #4 - Допълнително описание по предмет – тема
Основно описание – тема или топоним Офицери, български - биографии
9 (RLIN) 303770
650 #4 - Допълнително описание по предмет – тема
Основно описание – тема или топоним Националноосвободително движение - България - дейци
9 (RLIN) 243361
650 #0 - Допълнително описание по предмет – тема
Основно описание – тема или топоним България - история, нова
9 (RLIN) 241998
650 #7 - Допълнително описание по предмет – тема
Основно описание – тема или топоним Руско-турска освободителна война 1877 - 1878
Източник на редна или ключова дума
9 (RLIN) 170039
653 ## - Ключова дума – ненормативна
Ключова дума Атанас Узунов
653 ## - Ключова дума – ненормативна
Ключова дума Сръбско-българска война
653 ## - Ключова дума – ненормативна
Ключова дума офицери
653 ## - Ключова дума – ненормативна
Ключова дума бунтове
653 ## - Ключова дума – ненормативна
Ключова дума русофили
653 ## - Ключова дума – ненормативна
Ключова дума националноосвободителни движения
653 ## - Ключова дума – ненормативна
Ключова дума Руско-турска освободителна война 1877-1878
659 ## - Тематичен бюлетин
Тематичен бюлетин К
852 ## - Местоположение
Форматна сигнатура Цб 34961
856 4# - Електронен адрес и достъп
Електронен формат pdf - файл
856 4# - Електронен адрес и достъп
Електронен формат pdf - файл
999 ## - СИСТЕМНИ КОНТРОЛНИ НОМЕРА
Koha biblionumber 164285
Koha biblioitemnumber 164285
942 ## - АРТИКУЛИ
Вид на библиотечния материал Книги
Скрит в OPAC Не
Koha issues (borrowed), all copies 3
Периодичен библиозапис Да
944 ## - СЪЗДАВАНЕ И РЕДАКЦИЯ на ЗАПИСА
Създаване/Редакция Създаване
Дата на регистрацията/редакция 21.02.2015
Статус, дата на статуса Геновева Генчева
Служител, извършил регистрацията/редакцията 30560
944 ## - СЪЗДАВАНЕ И РЕДАКЦИЯ на ЗАПИСА
Създаване/Редакция Редакция
Дата на регистрацията/редакция 07.02.2018
Статус, дата на статуса 21.02.2015 - от С1,Р / 21.02.2015
999 ## - СИСТЕМНИ КОНТРОЛНИ НОМЕРА
Koha biblioitemnumber 164285
Наличности
Код за отписване Код за изгубен артикул Източник на класификационната схема Код за повреда Коз за рестрикции Код за отдаване Артикулен № Име на библиотеката - собственик Име на библиотеката, в която се намира в момента Статус (Текущо местоположение) Дата на вписване в системата Местоположение - отдел Цена в лева Инвентарен номер Систематично азбучна сигнатура Баркод Номер на екземпляра Цена в евро Служебна бележка Служебен тип на артикула
  Не е изгубен Universal Decimal Classification Не е повреден само за читалня ползва се в читалня 276062 Регионална библиотека "Любен Каравелов" Русе Регионална библиотека "Любен Каравелов" Русе Хранилище 1965-01-01 Хранилище 0.39 15180/65 Цб 34961 900000095867 1 0.20 Дост: Dp Вид: Д N: Сф Дата: 01.01.1965 Книги
Изтеглен Не е изгубен Universal Decimal Classification Не е повреден без рестрикции заемане за дома 276063 Регионална библиотека "Любен Каравелов" Русе Регионална библиотека "Любен Каравелов" Русе Заемна - подръчен фонд 1965-01-01 Заемна - подръчен фонд 0.00 15453/65 П 355(092)/У 33 15453/65 2 0.00 N: Сф Дата: 01.01.1965 Книги
Изтеглен Не е изгубен Universal Decimal Classification Не е повреден без рестрикции заемане за дома 276064 Регионална библиотека "Любен Каравелов" Русе Регионална библиотека "Любен Каравелов" Русе Заемна - подръчен фонд 1965-01-01 Заемна - подръчен фонд 0.00 15455/65 П 355(092)/У 33 15455/65 3 0.00 N: Сф Дата: 01.01.1965 Книги
Изтеглен Не е изгубен Universal Decimal Classification Не е повреден без рестрикции заемане за дома 276065 Регионална библиотека "Любен Каравелов" Русе Регионална библиотека "Любен Каравелов" Русе Детски отдел 1965-01-01 Детски отдел 0.39 15795/65 ДН 35(092)/У 33 15795/65 4 0.20 N: Сф Дата: 01.01.1965 Дата инв: 06.11.2015 Бележки инв: Д2015 Книги
Изтеглен Не е изгубен Universal Decimal Classification Не е повреден без рестрикции заемане за дома 276066 Регионална библиотека "Любен Каравелов" Русе Регионална библиотека "Любен Каравелов" Русе Детски отдел 1965-01-01 Детски отдел 0.39 15796/65 ДН 35(092)/У 33 15796/65 5 0.20 N: Сф Дата: 01.01.1965 Дата инв: 20.08.2015 Бележки инв: Д2015 Книги
  Не е изгубен Universal Decimal Classification Не е повреден без рестрикции ползва се в читалня 276067 Регионална библиотека "Любен Каравелов" Русе Регионална библиотека "Любен Каравелов" Русе Краезнание 1965-01-01 Краезнание 0.39 15454/65 К 355/359/У 33 900000003221 6 0.20 N: Сф Дата: 01.01.1965 Дата инв: 09.11.2017 Бележки инв: К2017 Книги
Изтеглен Не е изгубен Universal Decimal Classification Не е повреден без рестрикции заемане за дома 276068 Регионална библиотека "Любен Каравелов" Русе Регионална библиотека "Любен Каравелов" Русе Заемна - подръчен фонд 1965-01-01 Заемна - подръчен фонд 0.39 353359 П 355(092)/У 33 353359 7 0.20 Дост: Pk Вид: Сф Дата: 01.01.1965 Дата инв: 07.02.2018 Бележки инв: П2018 Книги
Vip Innovations Ltd, Rousse, Bulgaria 2025